Sciologický časopis. Roč. 28, č. 1-3, 1992/1
| Format: | Book |
|---|---|
| Language: | Undetermined |
| Published: |
Praha
Sociologický ústav ČSAV
1992
|
MARC
| LEADER | 00000nam a2200000 a 4500 | ||
|---|---|---|---|
| 001 | vtls001269892 | ||
| 003 | SK-MaSNL | ||
| 005 | 20260223213713.0 | ||
| 008 | 961212s1992 xx 0 und | ||
| 035 | |a SNK000220960 | ||
| 040 | |a SNK |b slo |c SNK |e AACR2 | ||
| 245 | 1 | |a Sciologický časopis. Roč. 28, č. 1-3, 1992/1 | |
| 260 | |a Praha |b Sociologický ústav ČSAV |c 1992 | ||
| 999 | |c 712894 |d 714824 | ||
| 952 | |t č. 1-3 |a SNK |b SNK |y PREZ |7 0 |p 17A0025618 |o snkČC 2317/28/1992/1 |0 0 |1 1 |4 0 |d 1996-12-12 |l 0 |r 2005-01-01 00:00:00 |w 2026-02-23 | ||


